Top 10 des communes de France par lettre - U - Statistiques

Statistiques générales
  • Ce quiz a été pris 54 fois
  • Le résultat moyen est 3 sur 10
Statistiques - réponses
Département/Collectivité Population Commune % Correct
Gard 8.360 Uzès
72%
Corrèze 9.174 Ussel
70%
Pyrénées-Atlantiques 10.594 Urrugne
57%
Savoie 7.162 Ugine
30%
Moselle 7.001 Uckange
13%
Loire 8.495 Unieux
9%
Pyrénées-Atlantiques 7.684 Ustaritz
7%
Gard 4.824 Uchaud
4%
Corrèze 4.271 Ussac
2%
Polynésie française 3.663 Uturoa
0%
Aucun quiz correspondant
Distribution des résultats
% des personnes avec chaque résultat
Percentile par nombre de réponses
Votre historique - résultats
Vous n’avez pas pris ce quiz